British Celebrities by Picture #4 - Statistics

General Stats
  • This quiz has been taken 265 times
  • The average score is 8 of 20
Answer Stats
Picture Answer % Correct
Princess Diana
93%
Simon Cowell
90%
Tom Holland
80%
Gareth Bale
57%
Roger Moore
52%
Ellie Goulding
51%
Romesh Ranganathan
42%
Twiggy
41%
Anne Robinson
36%
Jo Brand
36%
George Ezra
35%
Rosamund Pike
29%
Alexander Fleming
26%
Daniel Kaluuya
26%
Sam Quek
17%
Mary Shelley
15%
Gemma Arterton
10%
Benjamin Disraeli
8%
C.S. Lewis
7%
Rosalind Franklin
6%
No matching quizzes found
Score Distribution
Percent of People with Each Score
Percentile by Number Answered
Your Score History
You have not taken this quiz